000 00404nam a2200145Ia 4500
008 151213s9999 xx 000 0 und d
100 _aRobert J. Milch
245 _aKing Oedipus , Oedipus at Clones, Antigone Notes
_cRobert J. Milch
260 _aNebraska
_bCliffs Notes
_c1965
300 _a3562 p.
650 _aEnglish Literature
650 _aLiterature
700 _aRobert J. Milch
999 _c2365
_d2365